00817nam a22001575i 4500001000700000003000900007005001700016008004100033040001800074100002900092245025200121250007400373260006500447300004300512852010400555167130ES-MaACL20230906213451.0951117s1726 sz |||| | lat d aAR bspa cAR1 aVela de Oreña, José.10aD.D. Josephi Vela de Oreña... Dissertationum juris controversi tam in Hispalensi quam Granatensi senatu super materias tam ecclesiasticas quam civiles tomus primus... b: cum S.Rot.Romanae decisionibus recentissimis numquam antea lucem editis... aEditio novissima, mendis quae in priori irrepserant sedulo expurgata. aColoniae Allobrogum : bsumptibus Perachon & Cramer, c1726. a[12], 507, [96] p. [2] en bl. ; cFol. aES-MaACLjR-1547-48 z-- Enc. perg. q-- Falto de la port. y de prelim. x-- Olim: G-2977-8